000 00982cam a22002534a 4500
001 15274517
005 20180206020051.0
008 080424s2010 mauab 000 0 eng
010 _a 2008018601
020 _a9780763759254 (alk. paper)
040 _aDLC
_cDLC
_dDLC
050 0 0 _aGE140
_b.C48 2010
082 0 0 _a363.7
_222
100 1 _aChiras, Daniel D.
245 1 0 _aEnvironmental science /
_cDaniel D. Chiras.
250 _a8th ed.
260 _aSudbury, Mass. :
_bJones and Bartlett Publishers,
_cc2010.
300 _axxiv, 632 p. :
_bill. (chiefly col.), col. maps ;
_c28 cm.
650 0 _aEnvironmental sciences.
856 4 1 _3Table of contents only
_uhttp://www.loc.gov/catdir/toc/ecip0817/2008018601.html
906 _a7
_bcbc
_corignew
_d1
_eecip
_f20
_gy-gencatlg
942 _2lcc
_cBOOKS
_hGE 140 .C48 2009
_03
999 _c11598
_d11598